Alcachofas: antecedentes agronómicos económicos

Na minha lista:
Detalhes bibliográficos
Autor Corporativo: CORFO (Author)
Formato: Livro
Idioma:espanhol
Publicado em: Santiago CORFO 1989
Assuntos:
Tags: Adicionar Tag
Sem tags, seja o primeiro a adicionar uma tag!

MARC

LEADER 00000nam a2200000 a 4500
001 UCV7273
003 CL-VaPUC
008 901003e19890000CL |||||||||||||||||spa|d
082 0 4 |a 635.32  |b COR  |2 21 
110 2 |a CORFO  |e author  |9 301327 
245 1 0 |a Alcachofas: antecedentes agronómicos económicos 
300 |a 100 p 
942 |c BK 
945 |d 19901003 00:00:00 
260 |a Santiago  |b CORFO  |c 1989 
650 0 |a Alcachofa  |9 264482 
583 |a last modification  |c 20180604 01:15:07  |k Rodrigo Vera 
999 |c 212976  |d 212974